000 00305nam a2200133Ia 4500
008 231129s1969||||xx |||||||||||||| ||spa||
040 _bspa
082 _a759.13 A828p
100 _aAshton Dore
245 0 _aLa pintura norteamericana moderna
260 _c1969
264 _aHermes
942 _2ddc
_cBKS
999 _c17939
_d17939